| 000 | 00927nam a2200265Ia 4500 | ||
|---|---|---|---|
| 003 | OSt | ||
| 005 | 20221005105541.0 | ||
| 006 | a|||||r|||| 00| 0 | ||
| 007 | ta | ||
| 008 | 221004b |||||||| |||| 00| 0 san d | ||
| 020 |
_a9788174878960 (hbk) _c850 |
||
| 024 | _a14758 | ||
| 037 |
_b147, 28/10/2014, Eastern Book Linkers _cTextual |
||
| 040 |
_aCRL _cCRL _bsan |
||
| 041 |
_2san _asan |
||
| 082 | _aP156,Cx7,1,1, 152Q4 | ||
| 100 | _aपन्त, लज्जा | ||
| 245 | 0 | _aसारस्वतव्याकरणम् | |
| 246 | _aSārasvatavyākaraṇam | ||
| 260 |
_aनई दिल्ली _bराधा पब्लिकेशन भारत _c2014 |
||
| 300 |
_a414पृ0 _ccm. |
||
| 650 | _aहिन्दी भाषा | ||
| 942 |
_hP156,Cx7,1,1, 152Q4 _cTEXL _2cc |
||
| 999 |
_c1016145 _d1016145 |
||